Standard catalogue of Malaysia-Singapore-Brunei stamps & postal stationery 1988

Bibliographic Details
Main Author: Tan, Steven
Format: Book
Published: Kuala Lumpur : International Stamp & Coin Sdn.Bhd. , 19--
Subjects:

MARC

LEADER 00000cam a2200000 7i4500
001 0000085708
005 20080908.0
022 0 |a 01269690 
090 0 0 |a 769.569595   |b TAN 
100 1 |a Tan, Steven 
245 1 0 |a Standard catalogue of Malaysia-Singapore-Brunei stamps & postal stationery 1988   |c Steven Tan 
260 |a Kuala Lumpur :   |b International Stamp & Coin Sdn.Bhd. ,   |c 19-- 
300 |a 192p. :   |b ill.25cm. 
650 0 0 |a Postage-stamps   |x Catologs 
650 0 0 |a Postage-stamps   |x Peridicals   |z Singapore 
650 0 0 |a Postage-stamps   |x Periodicals   |z Brunei 
650 0 0 |a Postage-stamps   |x Periodicals   |z Malaysia 
999 |a 00173480   |b BUKU   |c MALAYSIANA   |e PERPUSTAKAAN KOMUNITI PETALING JAYA